• 首页
  • 本馆介绍
  • 公告通知
  • 最新文献
  • 馆藏检索
  • 电子资源
  • 读者导购
  • 参考咨询
  • 我的图书馆
  • 登录
  • 详细信息显示
  • 放入我的书架
  • 预约/预借图书
  • 作者相关作品
  • 分类相关作品
  • 丛书相关作品
  • 出版社相关作品

书目信息

  • 表格格式
  • 工作单格式
  • 卡片格式
题名:
影视美学研究
    
 
作者: 席威 著
分册:  
出版信息: 长春   吉林美术出版社  2018
页数: 276页
开本: 21cm
丛书名:
单 册:
中图分类: J901
科图分类:
主题词: 电影美学--研究 , 电视美学--研究
电子资源:
ISBN: 978-7-5575-2362-6
000 00767nam0 2200241 450
001 012001012517
005 20131107094516.0
010    @a978-7-5575-2362-6@dCNY55.00
100    @a20190109d2018 em y0chiy50 ea
101 0  @achi
102    @aCN@b220000
105    @ay z 000yy
106    @ar
200 1  @a影视美学研究@9ying shi mei xue yan jiu@f席威著
210    @a长春@c吉林美术出版社@d2018
215    @a276页@d21cm
330    @a本书共六章,主要内容包括:影视美学概述、影视艺术与影视语言、影视艺术与电视文化审美、影视审美特性与审美心理、蒙太奇电影美学理论与先锋派电影美学等。
606 0  @a电影美学@x研究
606 0  @a电视美学@x研究
690    @aJ901@v5
701  0 @a席威@9xi wei@4著
801  0 @aCN@b上海新华@c20191020
905    @b1179664-7@dJ901@e382@f4
    
    影视美学研究/席威著.-长春:吉林美术出版社,2018
    276页;21cm
    
    
    ISBN 978-7-5575-2362-6:CNY55.00
    本书共六章,主要内容包括:影视美学概述、影视艺术与影视语言、影视艺术与电视文化审美、影视审美特性与审美心理、蒙太奇电影美学理论与先锋派电影美学等。
●
相关链接 在E读中查询图书 在五车中查询图书 在当当中查询图书 在豆瓣中查询图书


正题名:影视美学研究     索取号:J901/382         预约/预借

序号 登录号 条形码 馆藏地/架位号 状态 备注
1 1179664   211796644   第一样本阅览室/ [索取号:J901/382] 在馆    
2 1179665   211796653   第一借阅区/ [索取号:J901/382] 在馆    
3 1179666   211796662   第一借阅区/ [索取号:J901/382] 在馆    
4 1179667   211796671   第一借阅区/ [索取号:J901/382] 在馆    
唐山师范学院图书馆 欢迎您!
大连网信软件有限公司© 版权所有